Statistics for History of socialism

Click here to take the quiz!

General Stats

  • This quiz has been taken 34 times
  • The average score is 8 of 15

Answer Stats

QuestionAnswer% Correct
Who is considered the founder of socialism?Karl Marx
100%
Who helped him with his work?Friederich Engels
91%
Who was the communist leader of Cambodia?Pol Pot
88%
Where did a famous socialist "Commune" take place?Paris
81%
Where did the first socialist revolution take place?Russia
81%
In what important city did the Soviets defeat the Reich in 1943?Stalingrad
78%
When did Augusto Pinochet overthrow the chilean socialist leader Salvador Allende?1973
59%
Where did a failed socialist revolution take place in January 1919?Germany
53%
Who was its most important leader?Rosa Luxemburg
41%
When did the First International start?1864
34%
When did the Second International finish?1916
31%
What socialist inspired party was born in England in 1900?Labour Party
25%
Who was the leader of the French socialist party know as SFIO?Jean Jaurès
13%
Which communist party was the biggest in the West during the Cold War?Italian Communist Party
9%
Against whom the French "Front Populaire" was organized?Fascism
6%

Score Distribution

Percentile by Number Answered

Percent of People with Each Score

Your Score History

You have not taken this quiz